THE MIND MAPS IN PHYSIOLOGY (Record no. 29175)

MARC details
000 -LEADER
fixed length control field 00337nam a22001457a 4500
003 - CONTROL NUMBER IDENTIFIER
control field SGT
082 ## - DEWEY DECIMAL CLASSIFICATION NUMBER
Classification number 612
Item number M14M
100 ## - MAIN ENTRY--PERSONAL NAME
Personal name MATHANGI, DAMAL CHANDRASEKHAR
245 ## - TITLE STATEMENT
Title THE MIND MAPS IN PHYSIOLOGY
260 ## - PUBLICATION, DISTRIBUTION, ETC. (IMPRINT)
Place of publication, distribution, etc INDIA
Name of publisher, distributor, etc ELSEVIER
Year of Publication 2024
300 ## - PAGE DESCRIPTION
No. of Pages 125
650 ## - SUBJECT ADDED ENTRY--TOPICAL TERM
Topical term or geographic name as entry element PHYSIOLOGY
653 ## - KEYWORDS--INDEX TERM
Keyword term MIND, MAPS , PHYSIOLOGY
942 ## - ADDED ENTRY ELEMENTS (KOHA)
Source of classification or shelving scheme Dewey Decimal Classification
Koha item type Books
Holdings
Withdrawn status Lost status Source of classification or shelving scheme Damaged status Not for loan Collection code Home library Current library Shelving location Date acquired Vendor Name SGTU Bill Number Total Checkouts Full call number Accession No. (Barcode) Date last seen Bill Date Koha item type
    Dewey Decimal Classification     AYURVEDA SGT FA-FP Library SGT FA-FP Library Text Book 20/01/2025 AHUJA PUB. SGTU 19920   612 M14M FA12633 20/01/2025 21/11/2024 Books